| 000 | 01152nam a22002415i 4500 | ||
|---|---|---|---|
| 001 | 164295 | ||
| 003 | ES-MaACL | ||
| 005 | 20231223063111.0 | ||
| 008 | 050728s1849 sp | |||||||| ||spa d | ||
| 080 | _a502 Sagra, Ramón de la | ||
| 100 | 1 |
_aLa Sagra, Ramón de, _d1798-1871 _9101445 |
|
| 245 | 1 | 0 |
_aNoticia de las resoluciones y reclamaciones concernientes a la obra titulada Historia física, política y natural de la Isla de Cuba, desde el principio de la publicación hasta el presente : _badvertencia. |
| 260 |
_a[Madrid : _bs.n.], _c1849 ( _fImp. de Sordomudos) |
||
| 300 |
_a10 p. ; _c22 cm. |
||
| 530 | _aDisponible en formato digital. | ||
| 594 | _aAutor (p. 10): Ramón de la Sagra | ||
| 600 | 1 | 7 |
_aLa Sagra, Ramón de, _d1798-1871. _tHistoria física, política y natural de la isla de Cuba _2 _9150373 |
| 740 | 0 | 2 | _aHistoria física, política y natural de la isla de Cuba. |
| 852 | 4 |
_aES-MaACL _jT-7-F-9 _z- Enc. hol. _z- Enc. en un vol. facticio |
|
| 852 | 4 |
_aES-MaACL _jT-35-F-4 |
|
| 856 | 4 |
_uhttp://bdh-rd.bne.es/viewer.vm?id=0000143381&page=1 _zBiblioteca Digital Hispánica |
|
| 999 |
_c164295 _d164295 |
||